| 000 | 00811nam a2200229 a 4500 | ||
|---|---|---|---|
| 001 | 56379 | ||
| 003 | BD-RjUL | ||
| 005 | 20211209080404.0 | ||
| 008 | 161129s1968 bg ||||| |||| 00| 0 ben d | ||
| 020 | _c: TK 2.75 | ||
| 035 | _a(BD-RjUL) 56503 | ||
| 040 |
_aBD-RjUL _bben _cBD-RjUL |
||
| 041 | _aben | ||
| 082 |
_223 _a891.441 _bMAG 1968 |
||
| 100 |
_aমজুমদার, গোলাম মোস্তফা _9167719 |
||
| 245 | 1 | 0 |
_aগোধুলির রং / _cগোলাম মোস্তফা মজুমদার |
| 260 |
_aকুমিল্লা : _bজাহানারা বেগম, _c১৯৬৮ |
||
| 300 |
_a[৯৪]. পৃ. ; _c২১ সেমি. |
||
| 650 |
_aবাংলা কবিতা _9167720 |
||
| 650 |
_aBengali Poetry _9167721 |
||
| 942 |
_2ddc _cBK |
||
| 999 |
_c56379 _d56379 |
||